Beatles Songs Where The First Words They Say Are The Title - Statistics

General Stats
  • This quiz has been taken 99 times
  • The average score is 30 of 54
Answer Stats
Album Song % Correct
Help! Help!
91%
Abbey Road Something
78%
Abbey Road Here Comes The Sun
77%
Past Masters 1 She Loves You
77%
Rubber Soul Michelle
75%
Abbey Road She Came In Through The Bathroom Window
75%
Help! Yesterday
75%
Magical Mystery Tour Penny Lane
73%
The White Album Blackbird
72%
Abbey Road Because
70%
Abbey Road Her Majesty
70%
Sgt. Pepper Lovely Rita
70%
The White Album Dear Prudence
69%
Past Masters 2 Hey Jude
69%
Abbey Road Mean Mr Mustard
69%
Abbey Road Oh! Darling
69%
Let It Be The Long And Winding Road
66%
Abbey Road You Never Give Me Your Money
66%
Abbey Road I Want You (She's So Heavy)
63%
A Hard Day's Night Can't Buy Me Love
61%
The White Album Martha My Dear
61%
Past Masters 2 Lady Madonna
59%
Please Please Me Anna (Go To Him)
56%
Sgt. Pepper Good Morning Good Morning
56%
A Hard Day's Night If I Fell
56%
Past Masters 2 Paperback Writer
55%
The White Album Sexy Sadie
55%
Past Masters 2 Don't Let Me Down
53%
Revolver Good Day Sunshine
53%
The White Album I'm So Tired
52%
The White Album Why Don't We Do It In The Road?
52%
Please Please Me Chains
50%
The White Album Cry Baby Cry
50%
Let It Be I've Got A Feeling
50%
Revolver I Want To Tell You
50%
Please Please Me A Taste Of Honey
48%
Rubber Soul What Goes On?
48%
Yellow Submarine It's All Too Much
47%
Help! You're Going To Lose That Girl
47%
Beatles For Sale I'm A Loser
45%
A Hard Day's Night I Should Have Known Better
45%
Help! I've Just Seen A Face
44%
A Hard Day's Night Tell Me Why
44%
Please Please Me There's A Place
44%
Rubber Soul If I Needed Someone
42%
A Hard Day's Night Any Time At All
41%
With The Beatles It Won't Be Long
41%
Beatles For Sale Mr Moonlight
41%
Rubber Soul I'm Looking Through You
39%
With The Beatles Little Child
38%
Past Masters 2 You Know My Name (Look Up The Number)
38%
Beatles For Sale I Don't Want To Spoil The Party
36%
Past Masters 1 I Call Your Name
30%
Past Masters 1 Sie liebt dich
23%
No matching quizzes found
Score Distribution
Percent of People with Each Score
Percentile by Number Answered
Your Score History
You have not taken this quiz